000 01726nam a2200169 4500
005 20230824165233.0
008 220907b xxu||||| |||| 00| 0 eng d
020 _a9789384204143
040 _cAIKTC-KRRC
041 _aENG
082 _2DDC23
_a720.68
_bCOA
245 _aManual of architectural practice
_b: Guidelines for the management of firms (Vol 5)
260 _aNew Delhi
_bCouncil of Architecture
_c2022
300 _a94p.
_bHard Bound
_c28.5*21 cm
520 _aThe Manual of Architectural Practice (MAP) is a five-volume publication. Each Volume presents both: detailed explanatory discussions on a particular aspect of Architectural Practice, as well as provide quick-reference Templates and Exhibits for the actual use of each Reader.
_b Volume FIVE is a general advisory to all Architects on the wide and varied aspects of setting up and Guidelines for the Management of Firms. It also covers the Practicing Architect’s responsibility and commitment to Internships - which form an integral part of the CoA’s endeavour to link graduating students with the realities of actual professional practice. The volumes provide a depth of information and a wide range of references to data and websites for Specifications, Codes, allied associated disciplines and services. The Manual sets benchmarks to support the transcending of Indian Architectural Practice to match the best of global standards. This MAP will be available in both print and digital formats. The digital version will be continually upgraded and revised to the latest and most relevant information of the time. These digital versions will also be made available in print, with the latest versions, in a pre-set cycle.
650 0 _aREFERENCE (AR-RR)
999 _c11834
_d11834